1094 1631 1184 1247 1973 1468 1070 1973 1410 1752 1667 1724 1934 1913 1764 1126 1681 1730 1078 1026 1809 1369 1395 1731 1107 1143 1865 1545 1583 1407 1590 1204 1290 1136 1912 1420 1657 1598 1130 1857 1812 1011 1868 1475 1015 1797 1416 1876 1936 1075 1174 1567 1284 1884 1495 1652 1741 1984 1221 1059 1341 1842 1859 1463 1730 1642 1033 1736 1373 1732 1359 1174 1048 1709 1617 1507 1625 1715 1065 1277 1717 1700 1127 1067 1054 1369 1184 1514 1702 1503 1992 1275 1359 1099 1168 1220 1296 1635 1354 BCNSPRNW ULIB Ver.6.0+V

เปลี่ยนเป็นภาษาไทย

Change to English
 แสดงรายละเอียดบรรณานุกรม
  กลับหน้าหลัก

Brief Record : Get Marc (ISO 2709) : E-mail record : QR code < ปิดหน้าต่าง
LEADER : 00000nam 2200000uu 4500
001    13399129107
003     ULIB
008    250717s2567||||th 000 0 tha d
020    ^a9786162628399
050 0  ^aT385^bก117ต
100 0  ^aกองบรรณาธิการ.
245 0  ^aตกแต่งภาพอย่างมืออาชีพด้วย Photoshop + Canva /^cกองบรรณาธิการ.
250    ^aพิมพ์ครั้งที่ 1.
260    ^aกรุงเทพฯ :^bรีไวว่า, ^c2567.
300    ^a384 หน้า :^bภาพประกอบ ;^c22 ซม.
505    ^aChapter 1 รู้จักกับ Photoshop 2022 และ Adobe Creative Cloud -- Chapter 2 หลักการสร้างงานกราฟฟิกและใช้เครื่องมือพื้นฐาน -- Chapter 3 การแต่งและตัดภาพเฉพาะส่วน -- Chapter 4 การจัดวางและการปรับรูปทรง -- Chapter 5 การสร้างข้อความตกแต่งภาพ -- Chapter 6 การทำงานกับเลเยอร์ -- Chapter 7 เทคนิคการตกแต่งภาพในเลเยอร์ -- Chapter 8 การปรับแต่งภาพ -- Chapter 9 การรีทัชและแก้ไขภาพถ่าย -- Chapter 10 ตกแต่งภาพอย่างสร้างสรรค์ด้วยฟิลเตอร์ -- Chapter 11 ความรู้เรื่องสีและการเลือกใช้โหมดสี -- Chapter 12 การวาดภาพและรูปทรง -- Chapter 13 การทำงานกับสีและการระบายสี -- Chapter 14 ทำความรู้จัก canva และการใช้งานพื้นฐาน -- Chapter 15 สร้างดีไซน์โดยใช้เทมเพลต -- Chapter ปรับแต่งหน้าดีไซน์ เพิ่มและการจัดการองค์ประกอบในดีไซน์ -- Chapter 17 ปรับแต่งและจัดการภาพในดีไซน์ -- Chapter 18 ปรับแต่งสไตล์ข้อความในดีไซน์-- Chapter 19 สร้างดีไซน์อัจฉริยะด้วย Magic Tools.
505    ^atChapter 1 รู้จักกับ Photoshop 2022 และ Adobe Creative Cloud -- Chapter 2 หลักการสร้างงานกราฟฟิกและใช้เครื่องมือพื้นฐาน -- Chapter 3 การแต่งและตัดภาพเฉพาะส่วน -- Chapter 4 การจัดวางและการปรับรูปทรง -- Chapter 5 การสร้างข้อความตกแต่งภาพ -- Chapter 6 การทำงานกับเลเยอร์ -- Chapter 7 เทคนิคการตกแต่งภาพในเลเยอร์ -- Chapter 8 การปรับแต่งภาพ -- Chapter 9 การรีทัชและแก้ไขภาพถ่าย -- Chapter 10 ตกแต่งภาพอย่างสร้างสรรค์ด้วยฟิลเตอร์ -- Chapter 11 ความรู้เรื่องสีและการเลือกใช้โหมดสี -- Chapter 12 การวาดภาพและรูปทรง -- Chapter 13 การทำงานกับสีและการระบายสี -- Chapter 14 ทำความรู้จัก canva และการใช้งานพื้นฐาน -- Chapter 15 สร้างดีไซน์โดยใช้เทมเพลต -- Chapter ปรับแต่งหน้าดีไซน์ เพิ่มและการจัดการองค์ประกอบในดีไซน์ -- Chapter 17 ปรับแต่งและจัดการภาพในดีไซน์ -- Chapter 18 ปรับแต่งสไตล์ข้อความในดีไซน์-- Chapter 19 สร้างดีไซน์อัจฉริยะด้วย Magic Tools.
505 0  ^aรู้จักกับ Photoshop 2022 และ Adobe Creative Cloud -- หลักการสร้างงานกราฟฟิกและใช้เครื่องมือพื้นฐาน -- การแต่งและตัดภาพเฉพาะส่วน -- การจัดวางและการปรับรูปทรง -- การสร้างข้อความตกแต่งภาพ -- การทำงานกับเลเยอร์ -- เทคนิคการตกแต่งภาพในเลเยอร์ -- การปรับแต่งภาพ -- การรีทัชและแก้ไขภาพถ่าย -- ตกแต่งภาพอย่างสร้างสรรค์ด้วยฟิลเตอร์ -- ความรู้เรื่องสีและการเลือกใช้โหมดสี -- การวาดภาพและรูปทรง -- การทำงานกับสีและการระบายสี -- ทำความรู้จัก canva และการใช้งานพื้นฐาน -- สร้างดีไซน์โดยใช้เทมเพลต -- ปรับแต่งหน้าดีไซน์ เพิ่มและการจัดการองค์ประกอบในดีไซน์ -- ปรับแต่งและจัดการภาพในดีไซน์ -- ปรับแต่งสไตล์ข้อความในดีไซน์ -- สร้างดีไซน์อัจฉริยะด้วย Magic Tools
650 0  ^aคอมพิวเตอร์กราฟิก.
650 0  ^aแคนวา (โปรแกรมคอมพิวเตอร์).
650 0  ^aอโดบีโฟโตช็อบ.
658    ^aคณะเทคโนโลยีสารสนเทศ
658    ^aสาขาคอมพิวเตอร์ศึกษา
658    ^aสาขาวิชาวิทยาการคอมพิวเตอร์
710 2   ^aกองบรรณาธิการ.
945    ^p299^l0^i011864
999    ^aประนอม เกษจรัล
รายการนี้ยังไม่มีแท็ก
คุณยังไม่ได้ล็อกอิน คุณสามารถมีกิจกรรมร่วมกับเว็บไซต์ได้ แต่ต้องล็อกอินก่อน ::
  ล็อกอิน

รายการสื่อสารสนเทศ

ลำดับที่ ประเภท เลขเรียก/บาร์โค้ด สถานที่ สถานะ
1. การศึกษาทั่วไป
หนังสือสำรอง
สถานะ=หนังสือสำรอง
T385 ก117ต ฉ.1 
  Barcode: 011864
ห้องสมุดวิทยาเขตสวรรค์ประชารักษ์
►หนังสือทั่วไป
บนชั้น

รายการใกล้เคียง
    ผู้แต่ง [กองบรรณาธิการ.]

    หัวเรื่อง [แคนวา (โปรแกรมคอมพิวเตอร์).]

BibComment


ยังไม่เคยถูกคอมเมนท์

คอมเมนท์ทรัพยากรรายการนี้
  คอมเมนท์: ตกแต่งภาพอย่างมื..


 Copyright 2026. Bcnsprnw @Library